000 00552nam a2200157 a 4500
001 000029573
005 20200930055640.0
008 110419s20uu dr 000 0 spa d
040 _aDO-SdBNP
_bspa
_cBNPHU
245 0 0 _aConstruyendo familia sana :
_bmanual teórico.
260 _aSanto Domingo :
_bCentro de Investigación y Ciencias de la Familia
_bUniversidad Católica Santo Domingo,
_c[199-?].
300 _a55 p. ;
_c21 cm.
504 _aBibliografía: p. 55
710 2 _aCentro de Investigación y Ciencias de la Familia
_956404
049 _aBNPD
999 _c29065
_d29065